|
|
|
|
| LEADER |
00000njm a2200000 4500 |
| 001 |
vtls012004782 |
| 003 |
SK-MaSNL |
| 005 |
20260301150158.0 |
| 007 |
sd cszc p |
| 008 |
201125s1986 bu zzz g 0 0 bul |
| 028 |
0 |
1 |
|a BDS 4648-79
|b Balkanton
|
| 028 |
1 |
3 |
|a BHK 3854-A
|b Balkanton
|
| 028 |
1 |
3 |
|a BHK 3854-B
|b Balkanton
|
| 040 |
|
|
|a SNK
|b slo
|c SNK
|e rda
|
| 041 |
0 |
|
|a bul
|
| 044 |
|
|
|a bu
|c BG
|
| 072 |
|
7 |
|a 784
|x Vokálna hudba
|2 konspekt
|
| 080 |
|
|
|a 784.3/.7(=163.2)
|2 2001
|
| 080 |
|
|
|a (086.72)
|2 2011
|
| 245 |
0 |
0 |
|a 1986 ČESTITA NOVA GODINA
|b komitět za B'lgaritě v čužbina
|
| 264 |
|
1 |
|a Bulharsko
|b Balkanton
|c [1986]
|
| 264 |
|
4 |
|c Ⓟ1986
|
| 300 |
|
|
|a 1 gramofónová platňa
|c 18 cm
|
| 336 |
|
|
|a hraná hudba
|b prm
|2 rdacontent
|
| 337 |
|
|
|a audio
|b s
|2 rdamedia
|
| 338 |
|
|
|a iný
|b z
|2 rdacarrier
|
| 340 |
|
|
|a vinyl
|a rda
|
| 344 |
|
|
|a analog
|c 45 ot/min
|g stereo
|2 rda
|
| 500 |
|
|
|a Platňa obsahuje 2 piesne
|
| 500 |
|
|
|a Názov prevzatý z obalu
|
| 500 |
|
|
|a Miesto vydania podľa vydavateľa
|
| 650 |
0 |
7 |
|a bulharské piesne
|2 SNKPH
|9 240916
|
| 650 |
0 |
7 |
|a Bulgarian songs
|2 SNKPHeng
|9 364537
|
| 655 |
|
7 |
|a gramofónové platne
|2 SNKPH
|9 74608
|
| 655 |
|
7 |
|a Gramophone records
|2 SNKPHeng
|9 286457
|
| 700 |
1 |
|
|a Naumov, A.
|4 oth
|9 507018
|
| 700 |
1 |
|
|a Peičev, Ivza
|4 oth
|9 507019
|
| 700 |
1 |
|
|a Popov, R.
|4 cmp
|4 cnd
|9 507020
|
| 700 |
1 |
|
|a Orlinov, O.
|4 cmp
|9 507021
|
| 700 |
1 |
|
|a Ivanova, Mimi
|4 sng
|9 507022
|
| 710 |
2 |
|
|a Veselinovo choro
|4 prf
|9 507023
|
| 710 |
2 |
|
|a Najděn Kirov
|4 prf
|9 507024
|
| 740 |
0 |
2 |
|a Privetstvije na Pavel Matěv - predsedatěl na Komitěta za b'lgaritě v čužbina
|h zvukový dokumnet
|
| 740 |
0 |
2 |
|a Vjarvaj mamo
|h zvukový dokumnet
|
| 999 |
|
|
|c 782721
|d 784651
|
| 952 |
|
|
|a SNK
|b SNK
|y PREZ
|7 0
|p 17A1419545
|o snkST 600
|i snk153/86
|0 0
|1 0
|4 0
|d 2020-11-25
|l 0
|r 2026-02-24 01:09:51
|w 2026-02-24
|